000 01531nam a22003257a 4500
005 20080929101452.0
008 080929t xxu||||| |||| 00| 0chin d
010 _aHIN-92272
020 _c350.00
_a9789380327204
035 _aHN-64618
037 _bDBAD / PUB
040 _aDPL
_bHN
082 _a
100 _926640
245 _aएक गुमशुदा औरत की डायरीः
_cललित कार्तिकेय द्वारा अनुदित
_bस्त्री-चेतना की प्रखर कथाकार सिमोन द बोवुआर की लंबी कहानियां /
246 _aek Gumshuda surat ki diary
_bby Lalit Kartikay
250 _a10वां संस्क
260 _aमेरठ
_bसंवाद प्रकाशन
_c2010
270 _aआई-499, शास्त्रीनगर
_bमेरठ (उ.प्र.)
_e250004
300 1 _a214पृ.
_c22सेमी (सजिल्द)
490 _aविश्व ग्रंथमालाः आलोक श्रीवास्तव
_927151
650 _9697
_aलघु कथाएँ, हिन्दी
650 _926674
_aHindi Story
650 _9698
700 _926643
_aललित कार्तिकेय
700 _927078
710 _926662
942 _2ddc
_cHN
_h
_mएकगु
999 _c51496
_d51496